* W.T.F. * Quiz Stats

 Plays Quiz not verified by Sporcle

Also try: G-R-A-B Bag
Challenge
Share
Tweet
Embed
Score 0/48 Timer 15:00
0 Plays Today
Clue Answer % Correct
WeekdaysTuesday, Thursday
99.8%
WeekdaysFriday
99.8%
WeekdaysWednesday
99.4%
States EAST of Mississippi RiverWisconsin, West Virginia
88.6%
States EAST of Mississippi RiverFlorida
88.4%
States EAST of Mississippi RiverTennessee
84.5%
20th Century U.S. PresidentsTaft, Truman
72.3%
20th Century U.S. PresidentsWilson
69.7%
20th Century U.S. PresidentsFord
68.8%
Pixar MoviesToy Story
67.3%
Pixar MoviesWALL-E
62.5%
NBA or NFL TeamsTexans, etc.
58.3%
Know when to Hold'em, Know...when
55.8%
Know when to Hold'em, Know...to
55.6%
Prepositions (single words)for, etc.
55.2%
NBA or NFL TeamsWizards, Warriors
53.9%
Prepositions (single words)to, etc.
53.7%
Know when to Hold'em, Know...fold'em
51.4%
NBC 1990s SitcomsFrasier, etc.
49%
Pixar MoviesFinding Nemo
45.4%
NBA or NFL TeamsFalcons, 49ers
45%
General Mills CerealsWheaties
42.7%
Canadian Provincial CapitalsToronto
41.8%
Prepositions (single words)with, etc.
41.4%
Clue Answer % Correct
Declaration of Independence SignersFranklin
35.1%
H.G. Wells NovelsThe War of the Worlds, etc.
33.3%
Oscar Best PicturesTitanic, etc.
30.1%
General Mills CerealsTrix, etc.
29%
007 FilmsThunderball, etc.
28.9%
Canadian Provincial CapitalsWinnipeg
27.9%
007 FilmsFrom Russia with Love, etc.
26.6%
H.G. Wells NovelsThe Time Machine, etc.
25.9%
African National CapitalsTunis, Tripoli
23.6%
Declaration of Independence SignersWitherspoon, etc.
19.7%
NBC 1990s SitcomsWill & Grace, etc.
19.4%
Oscar Best PicturesForrest Gump, etc.
19.4%
007 Filmsthe World is Not Enough
18.3%
African National CapitalsFreetown
16.1%
Oscar Best PicturesWings, West Side Story
15.4%
African National CapitalsWindhoek
13.8%
General Mills CerealsFrench Toast Crunch, etc.
10.1%
Canadian Provincial CapitalsFredericton
9.3%
Declaration of Independence SignersTaylor, Thornton
6.9%
Major Arcana Tarot Cardsthe Fool, Fortitude
6%
Major Arcana Tarot CardsTemperance, the Tower
5.3%
Major Arcana Tarot Cardsthe World, Wheel of Fortune
4.6%
NBC 1990s Sitcoms3rd Rock from the Sun, etc.
4.5%
H.G. Wells NovelsFirst Men in the Moon
2.4%

You're not logged in!

Compare scores with friends on all Sporcle quizzes.
Join for Free
OR
Log In

You Might Also Like...

Show Comments

Extras

Top Quizzes Today


Score Distribution

Your Account Isn't Verified!

In order to create a playlist on Sporcle, you need to verify the email address you used during registration. Go to your Sporcle Settings to finish the process.

Report this User

Report this user for behavior that violates our Community Guidelines.

Details: